Saltar al contenido
Inicio
Centros participantes
Catálogo
Servicios
Contacto
כניסה לחשבון
English
Deutsch
Español
Français
Italiano
日本語
Nederlands
Português
Português (Brasil)
中文(简体)
中文(繁體)
Türkçe
עברית
Gaeilge
Cymraeg
Ελληνικά
Català
Euskara
Русский
Čeština
Suomi
Svenska
polski
Dansk
slovenščina
اللغة العربية
বাংলা
Galego
Tiếng Việt
Hrvatski
हिंदी
Հայերէն
Українська
Sámegiella
שפה
כל השדות
כותר
מחבר
נושא
סימן המיקום
ISBN/ISSN
תג
מצא
מתקדם
Algunos apuntes sobre el grado...
יצירת מראה מקום
שלח את זה
הדפסה
יצוא רשומה
יצוא אל RefWorks
יצוא אל EndNoteWeb
יצוא אל EndNote
הוספה למועדפים
Enlace Permanente
Agregar primera valuación
Algunos apuntes sobre el grado de participación de la inversión extranjera en el proceso de la integración económica centroamericana
שמור ב:
מידע ביבליוגרפי
מחבר ראשי:
Rosenthal K., Gert
פורמט:
Texto
יצא לאור:
s.l:
s.e.
תגים:
הוספת תג
אין תגיות, היה/י הראשונ/ה לתייג את הרשומה!
מלאי ספרים
תיאור
הערות
פריטים דומים
תצוגת צוות
MARC
LEADER
00000 a a2200000 04500
001
22952
003
040
090
|a
157600
100
|a
Rosenthal K., Gert
245
|a
Algunos apuntes sobre el grado de participación de la inversión extranjera en el proceso de la integración económica centroamericana
260
|a
s.l:
|b
s.e.
300
|a
7 p
999
|c
13515
|d
13515
פריטים דומים
Algunos apuntes sobre la inversión extranjera directa en el Mercado Común Centroamericano /
מאת: Rosenthal K., Gert
יצא לאור: (1973)
Teoría de la Integración Económica
מאת: Hess Estrada, Raúl
Convenios centroamericanos de integración económica
Indicadores socioeconómicos básicos para el seguimiento de la reforma agraria y el desarrollo rural
Guía de Centros de Estudios Iberoamericanos /
מאת: Iturrieta Etchecoár, Aníbal